| 000 | 00371nam a2200121Ia 4500 | ||
|---|---|---|---|
| 008 | 230907s9999||||xx |||||||||||||| ||und|| | ||
| 082 |
_a700.48297 _bSID |
||
| 100 |
_aSiddique, Muhammad Yousaf _95118 |
||
| 245 | 0 | _aMashriq mein Islami tehzeeb kay asaar : | |
| 260 |
_aNational University of Science and Technology, _bIslamabad : _c2013 |
||
| 300 | _a651 p. : | ||
| 942 | _cBK | ||
| 999 |
_c597384 _d597384 |
||